| 000 | 00000nam 2200000za 4500 |
| 001 | 9.856130 |
| 003 | CaOODSP |
| 005 | 20221107155452 |
| 007 | cr ||||||||||| |
| 008 | 180503s2018 onc #o f|0| 0 eng d |
| 040 | |aCaOODSP|beng |
| 043 | |an-cn--- |
| 086 | 1 |aXC75-1/1-421-10E-PDF |
| 110 | 1 |aCanada. |bParliament. |bHouse of Commons. |bStanding Committee on International Trade. |
| 245 | 10|aMulticulturalism |h[electronic resource] : |bits contribution to Canada's international trade and investment activities / |cHon. Mark Eyking, chair. |
| 260 | |a[Ottawa] : |bHouse of Commons, |c2018. |
| 300 | |avii, 20 p. :|bcol. charts. |
| 490 | 1 |aReport of the Standing Committee on International Trade ; |v10th report, 42nd Parliament, 1st session |
| 500 | |aIssued also in French under title: La contribution du multiculturalisme aux activités internationales de commerce et d'investissements du Canada. |
| 500 | |a"May 2018." |
| 500 | |aOriginal published on: 2018/05/03; published on: 2018/05/17. |
| 504 | |aIncludes bibliographic references. |
| 520 | |a"According to the results of Canada’s recent census, in 2016, more than one in five Canadians were foreign-born, and almost two in five Canadian children had an immigrant background, either directly or indirectly through at least one foreign-born parent. Canada has a multicultural society, and its ethnocultural diversity is expected to become more significant in the future. From a variety of perspectives, including economic, this trend is beneficial. Immigrants to Canada are entrepreneurial, and some are business owners. A number of their firms export and import, and contribute to Canada’s trade and investment relations with countries around the world"--Introduction, p. 1. |
| 692 | 07|2gccst|aInternational trade |
| 692 | 07|2gccst|aMulticulturalism |
| 700 | 1 |aEyking, Mark,|d1960- |
| 775 | 08|tLa contribution du multiculturalisme aux activités internationales de commerce et d'investissements du Canada |w(CaOODSP)9.856131 |
| 830 | #0|aReport of the Standing Committee on International Trade ;|v10th report, 42nd Parliament, 1st session|w(CaOODSP)9.507001 |
| 856 | 40|qPDF|s5.49 MB|uhttps://publications.gc.ca/collections/collection_2018/parl/xc75-1/XC75-1-1-421-10-eng.pdf |